Представление документа в формате RUSMARC

ПолеНазваниеЗначение
  Тип записи a
  Библиографический уровень m
001 Контрольный номер 0b154d05af174ddd86fe30f0695bbd5b
005 Дата корректировки 20140526192805.9
200 Заглавие и сведения об ответственности __
a Заглавие Концепция менеджмента
e Сведения, относящиеся к заглавию Учеб. пособие
f Первые сведения об ответственности Коротков Эдуард Михайлович.
210 Выходные данные __
c Издательство ДеКА
a Место издания М.
d Дата издания 1998
215 Физическое описание __
a Объем 301
610 Ключевые слова __
a Ключевые слова Управление
610 Ключевые слова __
a Ключевые слова Менеджмент
686 Индексы других классификаций __
a Классификационный индекс 65.050
2 Код системы rubbk
686 Индексы других классификаций __
a Классификационный индекс 65.050.9(2)я73
2 Код системы rubbk
700 Автор __
a Фамилия Коротков Эдуард Михайлович.
801 Источник записи _0
a Страна RU
b Организация РУК
c Дата составления 19980626
g Правила каталогизации PSBO
801 Источник записи _1
a Страна RU
b Организация РУК
c Дата составления 19980626
g Правила каталогизации PSBO
852 Данные о местонахождении __
i Авторский знак К68
j Шифр хранения 65.050.9(2)я73
901 Тип документа __
t Тип документа m
938 Служебная информация __
a Название организации Головной вуз
b Имя БД BOOK
c Название АИБС АИБС ИРБИС